[Event "Tournoi Skype 008"]
[Site "Skype"]
[Date "????.??.??"]
[Round "2.9"]
[White "Ahmed, Tauseef"]
[Black "Legueltel, Daniel"]
[Result "0-1"]
[WhiteElo "1499"]
[BlackElo "1725"]
[PlyCount "58"]

1. e4 c5 2. Nf3 Nc6 3. Nc3 d6 4. Bc4 Nf6 5. d3 e6 6. Bg5 Be7 7. O-O h6 8. Bxf6
Bxf6 9. Qd2 O-O 10. Rfe1 a6 11. a4 Qa5 12. Ne2 Bxb2 13. Rab1 Bf6 14. Bb3 Rb8
15. d4 Qxd2 16. Nxd2 Nxd4 17. Nxd4 Bxd4 18. Nc4 Rd8 19. Rbc1 b5 20. axb5 axb5
21. Na5 Bd7 22. c3 Be5 23. Re3 Bf4 24. Rce1 Bxe3 25. Rxe3 b4 26. cxb4 Rxb4 27.
Nc4 Rdb8 28. Na5 Ra8 29. Nc4 Ra1+ 0-1

[Event "Tournoi Skype 008"]
[Site "Skype"]
[Date "????.??.??"]
[Round "2.10"]
[White "Murgia, Stefano"]
[Black "Briere, Jean"]
[Result "1-0"]
[WhiteElo "1719"]
[BlackElo "1499"]
[PlyCount "67"]

1. e4 e5 2. Nf3 Nc6 3. Bb5 d6 4. d4 a6 5. Bxc6+ bxc6 6. dxe5 Bg4 7. O-O Be7 8.
Bf4 Bg5 9. Bxg5 Bxf3 10. Bxd8 Bxd1 11. Bxc7 Bxc2 12. exd6 Nf6 13. Nd2 Kd7 14.
e5 Nd5 15. Ba5 Ba4 16. Ne4 Bb5 17. Nc5+ Ke8 18. Rfe1 Nf4 19. d7+ Ke7 20. d8=Q+
Rhxd8 21. Bxd8+ Kxd8 22. Rad1+ Nd5 23. a4 Bxa4 24. Nxa4 Kc7 25. e6 fxe6 26.
Rxe6 Rd8 27. Nc3 Kd7 28. Re5 Kc7 29. Nxd5+ cxd5 30. Rexd5 Rxd5 31. Rxd5 Kc6 32.
Rd8 a5 33. f4 g6 34. g4 1-0

[Event "Tournoi Skype 008"]
[Site "Skype"]
[Date "????.??.??"]
[Round "2.11"]
[White "Hague, Mark"]
[Black "Jacquelin, Norbert"]
[Result "0-1"]
[WhiteElo "1499"]
[BlackElo "1716"]
[PlyCount "58"]

1. d4 d5 2. c4 e6 3. Nc3 c5 4. e3 Nf6 5. Nf3 Nc6 6. cxd5 exd5 7. Bb5 Bg4 8.
dxc5 Bxc5 9. a3 O-O 10. b4 Bd6 11. Bxc6 bxc6 12. Bb2 Re8 13. Ne2 a5 14. bxa5
Rxa5 15. Rc1 Bxa3 16. Bxa3 Rxa3 17. Rxc6 Ne4 18. Rc2 Qa5+ 19. Nd2 Bxe2 20. Kxe2
Nc3+ 21. Rxc3 Rxc3 22. Qa1 Qb5+ 23. Kf3 Qd3 24. Qa4 Rec8 25. Qd7 Qxd2 26. Ra1
Rc2 27. Ra7 Qxf2+ 28. Kg4 R2c4+ 29. Kg5 h6+ 0-1

[Event "Tournoi Skype 008"]
[Site "Skype"]
[Date "????.??.??"]
[Round "2.12"]
[White "Tayyab, Sheikh"]
[Black "Rajpurohit, Dinesh"]
[Result "0-1"]
[WhiteElo "1499"]
[BlackElo "1699"]
[PlyCount "76"]

1. e4 e5 2. Nf3 Nc6 3. Bc4 h6 4. Nc3 Bc5 5. d3 Nf6 6. Bb5 Nd4 7. Nxe5 c6 8. Bc4
d5 9. exd5 Qe7 10. f4 O-O 11. O-O Nf3+ 12. Kh1 Nxe5 13. fxe5 Ng4 14. Ne4 Nxh2
15. Rf4 Ng4 16. Nxc5 Qh4+ 17. Kg1 Qh2+ 18. Kf1 Qh1+ 19. Ke2 Qxg2+ 20. Ke1 Qg1+
21. Kd2 Qxc5 22. Qf1 cxd5 23. b4 Qxb4+ 24. c3 Qc5 25. Bb3 Qc6 26. Qg2 Nxe5 27.
Bxd5 Qd6 28. Rb1 Be6 29. Rd4 Bxd5 30. Qxd5 Qf6 31. Ba3 Rfd8 32. Qe4 Nf3+ 33.
Kc2 Nxd4+ 34. cxd4 Rac8+ 35. Bc5 Rxd4 36. Qxb7 Rxc5+ 37. Kb3 Rxd3+ 38. Kb4 Qd4#
0-1

[Event "Tournoi Skype 008"]
[Site "Skype"]
[Date "????.??.??"]
[Round "2.13"]
[White "Sharma, Mayank"]
[Black "Talbot, Jacques"]
[Result "1-0"]
[WhiteElo "1699"]
[BlackElo "1462"]
[PlyCount "73"]

1. e4 e5 2. Nf3 d6 3. d4 exd4 4. Nxd4 Nf6 5. Bg5 Be7 6. Nc3 Bd7 7. Qd2 Nc6 8.
f4 h6 9. Bh4 O-O 10. O-O-O Nxd4 11. Qxd4 a6 12. h3 c5 13. Qe3 b5 14. Bxf6 Bxf6
15. Rxd6 Be7 16. Rd1 b4 17. Nd5 a5 18. Kb1 Re8 19. Bc4 a4 20. Rd3 Kh8 21. Rhd1
Be6 22. g4 Bxd5 23. Bxd5 c4 24. Bxc4 Qc7 25. Bd5 Rac8 26. R3d2 Bd6 27. e5 Bc5
28. Qf3 Qb6 29. Bxf7 Re7 30. e6 Be3 31. Re2 Bc5 32. g5 b3 33. axb3 axb3 34.
cxb3 Bb4 35. gxh6 gxh6 36. Qh5 Kg7 37. Qg6+ 1-0

[Event "Tournoi Skype 008"]
[Site "Skype"]
[Date "????.??.??"]
[Round "2.14"]
[White "Amnir, Wassime"]
[Black "Peignien, Laurent"]
[Result "0-1"]
[WhiteElo "1190"]
[BlackElo "1667"]
[PlyCount "74"]

1. e4 e6 2. Nc3 d5 3. d3 d4 4. Nce2 c5 5. c3 Nc6 6. cxd4 cxd4 7. Bf4 e5 8. Bg3
Be6 9. a3 Qa5+ 10. b4 Nxb4 11. Qd2 Nc2+ 12. Kd1 Qxd2+ 13. Kxd2 Nxa1 14. Bxe5
Nf6 15. Bxd4 Nb3+ 16. Kc3 Nxd4 17. Nxd4 Rc8+ 18. Kd2 Bd7 19. Ngf3 Bxa3 20. Nf5
O-O 21. Ne5 Ba4 22. Nc4 Bb4+ 23. Ke3 Rfd8 24. Be2 g6 25. Nh6+ Kg7 26. Ng4 Nxg4+
27. Bxg4 Rc6 28. Rb1 Bc5+ 29. Ke2 b5 30. Ne5 Rf6 31. Ra1 Rxf2+ 32. Ke1 Rxg2 33.
Rxa4 bxa4 34. Nd7 Be3 35. h4 Rc8 36. Be2 Rc2 37. Bf1 Rc1# 0-1

[Event "Tournoi Skype 008"]
[Site "Skype"]
[Date "????.??.??"]
[Round "2.15"]
[White "Nicole, Chantal"]
[Black "Belouin, Bruno"]
[Result "1-0"]
[WhiteElo "1626"]
[BlackElo "1350"]
[PlyCount "71"]

1. c4 e5 2. g3 Be7 3. Bg2 c6 4. Nc3 Nf6 5. e4 O-O 6. Nge2 Na6 7. O-O b5 8. cxb5
cxb5 9. Nxb5 Nc5 10. d4 exd4 11. e5 Nfe4 12. Nbxd4 Ba6 13. b4 Bxe2 14. Nxe2 Ne6
15. Bxe4 Rb8 16. a3 f6 17. Bb2 a5 18. exf6 Bxf6 19. Bxf6 Rxf6 20. bxa5 Qxa5 21.
Qxd7 Rd8 22. Qb7 Rf7 23. Qb4 Qa7 24. Nc3 Rdf8 25. Ra2 Kh8 26. Bd5 Qa6 27. Re2
Re8 28. Qb5 Qd6 29. Qxe8+ Rf8 30. Qxe6 Qd8 31. Rfe1 h6 32. Qe7 Qb8 33. Qb7 Qd8
34. Re7 Qa5 35. Rxg7 Qxc3 36. Rh7# 1-0

[Event "Tournoi Skype 008"]
[Site "Skype"]
[Date "????.??.??"]
[Round "2.16"]
[White "Baker, Abi"]
[Black "Duthoit, Bernard"]
[Result "0-1"]
[WhiteElo "1000"]
[BlackElo "1619"]
[PlyCount "60"]

1. d4 Nf6 2. c4 e6 3. Nc3 Bb4 4. Bg5 h6 5. Nf3 hxg5 6. Nxg5 Be7 7. e4 d6 8.
Qa4+ Bd7 9. Qb4 b6 10. O-O-O Nc6 11. Qa4 Nxd4 12. Qa6 Ng4 13. Rxd4 Bxg5+ 14.
Kc2 Nxf2 15. Rg1 Be3 16. Rxd6 cxd6 17. Nb5 Nxe4 18. Rh1 Qc8 19. Qa4 a6 20.
Nxd6+ Nxd6 21. Qa3 Nb5 22. Qxe3 Nd6 23. Qxb6 Nxc4 24. Bxc4 Qxc4+ 25. Kb1 Rc8
26. b3 Qc2+ 27. Ka1 Rxh2 28. Rf1 Rxg2 29. Qxa6 Qc1+ 30. Rxc1 Rxc1# 0-1

[Event "Tournoi Skype 008"]
[Site "Skype"]
[Date "????.??.??"]
[Round "2.18"]
[White "Ouellet, Emile"]
[Black "Fouquereau, Andre"]
[Result "0-1"]
[WhiteElo "1331"]
[BlackElo "1535"]
[PlyCount "58"]

1. e4 e5 2. Nf3 d6 3. Bc4 Be7 4. d4 exd4 5. Nxd4 Nf6 6. Nc3 O-O 7. O-O c6 8.
Bg5 Nbd7 9. Re1 h6 10. Nf5 Ne5 11. Bxf6 Bxf6 12. Qh5 Nxc4 13. e5 Bxe5 14. Qg4
Bxf5 15. Qxf5 Nxb2 16. Ne4 Nc4 17. Rad1 g6 18. Qf3 d5 19. Nc5 Qc7 20. Nd3 Bxh2+
21. Kh1 Bd6 22. Qf6 Qd8 23. Qxd8 Rfxd8 24. Re2 Kf8 25. Rde1 Re8 26. Kg1 Rxe2
27. Rxe2 Re8 28. Kf1 Rxe2 29. Kxe2 Ke7 0-1

[Event "Tournoi Skype 008"]
[Site "Skype"]
[Date "????.??.??"]
[Round "2.19"]
[White "Antonic, Nenad"]
[Black "Clayton, Estelita"]
[Result "1-0"]
[WhiteElo "1525"]
[BlackElo "1299"]
[PlyCount "71"]

1. d4 Nf6 2. e3 Nc6 3. c3 d5 4. Bd3 e5 5. dxe5 Nxe5 6. Bc2 Bd6 7. Nd2 O-O 8.
Ngf3 Bg4 9. h3 Bxf3 10. Nxf3 Nxf3+ 11. Qxf3 Re8 12. O-O Ne4 13. Bb3 Qg5 14. Rd1
c6 15. c4 dxc4 16. Bxc4 Qg6 17. Bd3 f5 18. Bd2 Rad8 19. Bc3 Qe6 20. Qe2 b5 21.
a3 Be5 22. Be1 Qb3 23. f3 Qxb2 24. Qxb2 Bxb2 25. Rab1 Bxa3 26. fxe4 Bc5 27. Bf2
Rd7 28. Bc4+ Kh8 29. Rxd7 bxc4 30. Rbb7 h6 31. Rxg7 h5 32. Rh7+ Kg8 33. exf5
Bf8 34. f6 Bd6 35. f7+ Kf8 36. Rh8+ 1-0

[Event "Tournoi Skype 008"]
[Site "Skype"]
[Date "????.??.??"]
[Round "2.20"]
[White "Philibert, Andre"]
[Black "Homme, Jim"]
[Result "1-0"]
[WhiteElo "1299"]
[BlackElo "1499"]
[PlyCount "125"]

1. e4 e5 2. Nf3 Nc6 3. Bc4 Bc5 4. O-O Nf6 5. Nc3 O-O 6. d3 d5 7. exd5 Ne7 8.
Bg5 Nexd5 9. Bxf6 Nxf6 10. Nxe5 Bd6 11. d4 Qe7 12. Re1 Be6 13. Bxe6 Qxe6 14.
Qf3 b6 15. Rad1 Rad8 16. Nc6 Qg4 17. Rd3 Qxf3 18. Rxf3 Rde8 19. Rfe3 Rxe3 20.
Rxe3 Ng4 21. Ne7+ Kh8 22. Re4 Bxh2+ 23. Kf1 Nf6 24. Re2 Re8 25. Ng6+ hxg6 26.
Rxe8+ Nxe8 27. g3 Kh7 28. Kg2 Bxg3 29. Kxg3 Kh6 30. Kg4 f5+ 31. Kf4 g5+ 32.
Kxf5 g6+ 33. Kg4 Nf6+ 34. Kg3 Kh5 35. f4 gxf4+ 36. Kxf4 g5+ 37. Kg3 Kg6 38. Nb5
Nh5+ 39. Kg4 Kf6 40. Nxc7 Ng7 41. d5 Nf5 42. c4 Nd6 43. b3 Kg6 44. a4 Kf6 45.
Nb5 a6 46. Nxd6 Ke7 47. Nc8+ Kd7 48. Nxb6+ Kd6 49. c5+ Kxc5 50. a5 Kd6 51. b4
Ke7 52. Kxg5 Kd6 53. Kf5 Ke7 54. Ke5 Ke8 55. d6 Kd8 56. Ke6 Ke8 57. d7+ Kf8 58.
d8=Q+ Kg7 59. Qf6+ Kg8 60. Nd7 Kh7 61. Nf8+ Kg8 62. Qf7+ Kh8 63. Qh7# 1-0

[Event "Tournoi Skype 008"]
[Site "Skype"]
[Date "????.??.??"]
[Round "2.21"]
[White "Khatanhar, Mohit"]
[Black "Tang, Kim Oanh"]
[Result "1-0"]
[WhiteElo "1499"]
[BlackElo "1299"]
[PlyCount "101"]

1. e4 e5 2. Nf3 d6 3. Nc3 Nc6 4. Bb5 Bd7 5. Bxc6 Bxc6 6. d3 Nf6 7. Be3 Be7 8.
h3 O-O 9. O-O h6 10. Ne2 Qd7 11. Ng3 Qe6 12. Qd2 Nh7 13. Nf5 g5 14. Qe2 Bf6 15.
Nxh6+ Kh8 16. Qd2 Qe7 17. Nf5 Qd8 18. h4 Rg8 19. hxg5 Bxg5 20. Kh2 Bd7 21. Rh1
Rg6 22. Kg1 Bxe3 23. Qxe3 Bxf5 24. exf5 Rg7 25. Qh6 Kg8 26. f6 Qxf6 27. Qh3 Kf8
28. Re1 Re8 29. Re4 Ng5 30. Nxg5 Qxg5 31. Re3 d5 32. c3 d4 33. cxd4 exd4 34.
Rxe8+ Kxe8 35. Qc8+ Ke7 36. Qxc7+ Ke6 37. Qc4+ Ke7 38. Qb4+ Ke6 39. Qc4+ Ke7
40. Qc7+ Ke6 41. Qc8+ Ke7 42. Qxb7+ Ke6 43. Qe4+ Kd7 44. Qxd4+ Ke7 45. Qxa7+
Ke6 46. Qb6+ Ke7 47. Qc7+ Ke6 48. g3 Qd2 49. Qc6+ Ke7 50. Qe4+ Kf6 51. Qd4+ 1-0

[Event "Tournoi Skype 008"]
[Site "Skype"]
[Date "????.??.??"]
[Round "2.22"]
[White "Armingaud, Jean-Claude"]
[Black "Mertz, Kathy"]
[Result "0-1"]
[WhiteElo "1294"]
[BlackElo "1499"]
[PlyCount "86"]

1. e4 e5 2. Nf3 Nc6 3. Bb5 Bd6 4. Bxc6 dxc6 5. Nc3 Nf6 6. O-O O-O 7. d4 exd4 8.
Qxd4 c5 9. Qd3 Re8 10. Re1 Be5 11. Qxd8 Rxd8 12. Nxe5 b6 13. Nb5 c6 14. Nc7 Rb8
15. Bg5 Rb7 16. Na6 Rd6 17. Rad1 Rxd1 18. Rxd1 h6 19. Rd8+ Kh7 20. Bxf6 gxf6
21. Nxc6 Rd7 22. Rxd7 Bxd7 23. Nxa7 Be6 24. a4 Bc4 25. b3 Bxa6 26. f4 Be2 27.
c4 Bd1 28. Nc8 Bxb3 29. Nxb6 Bc2 30. a5 Bxe4 31. a6 Kg6 32. a7 Kf5 33. g3 Ke6
34. Na4 Kd6 35. Nc3 Bc6 36. Nb5+ Kd7 37. h4 Kc8 38. h5 Kb7 39. Kh2 Bxb5 40.
cxb5 c4 41. b6 c3 42. Kh3 c2 43. Kg4 c1=Q 0-1

[Event "Tournoi Skype 008"]
[Site "Skype"]
[Date "????.??.??"]
[Round "2.23"]
[White "Raheja, Shiv"]
[Black "Dhenain, Sebastien"]
[Result "1-0"]
[WhiteElo "1499"]
[BlackElo "1290"]
[PlyCount "69"]

1. e4 e5 2. Nf3 Nc6 3. Bc4 Nf6 4. d3 d5 5. Bb3 dxe4 6. Nxe5 Nxe5 7. Bf4 Nc6 8.
Qe2 Qe7 9. O-O Nd4 10. Qd1 Nxb3 11. cxb3 Nh5 12. Qxh5 g6 13. Qd1 Qd8 14. Be5
Rg8 15. Nc3 Bd6 16. Bxd6 Qxd6 17. Nxe4 Qd8 18. Re1 Be6 19. Qf3 Qd5 20. Nf6+ Kf8
21. Nxd5 Bxd5 22. Qxd5 Kg7 23. Qe5+ Kf8 24. Qxc7 Kg7 25. Re7 Rgf8 26. Rae1 Rac8
27. Qe5+ Kg8 28. h4 Rfd8 29. Qf6 Rf8 30. h5 Rc6 31. Qg5 Rfc8 32. hxg6 hxg6 33.
Rxb7 Rc1 34. Rxc1 Rxc1+ 35. Qxc1 1-0

[Event "Tournoi Skype 008"]
[Site "Skype"]
[Date "????.??.??"]
[Round "2.24"]
[White "Ramirez, Rodrigo"]
[Black "Porcabeuf, Jean-Marc"]
[Result "1-0"]
[WhiteElo "1499"]
[BlackElo "1259"]
[PlyCount "99"]

1. c4 Nf6 2. d4 d5 3. Nc3 e6 4. a3 a6 5. Nf3 Nc6 6. Bg5 Be7 7. e3 dxc4 8. Bxc4
b5 9. Bb3 Bb7 10. O-O h6 11. Bh4 O-O 12. Bc2 Ng4 13. Qd3 g6 14. Bg3 Bd6 15. d5
Ne7 16. e4 exd5 17. Nxd5 Nxd5 18. e5 Nxe5 19. Nxe5 Bxe5 20. Bxe5 Re8 21. Qg3
Rc8 22. Rad1 Re6 23. Bb3 c6 24. Rd4 Qb6 25. f4 f6 26. Qxg6+ Kh8 27. Qxh6+ Kg8
28. Qg6+ Kh8 29. Qh5+ Kg8 30. Qg4+ Kf7 31. Qh5+ Kg7 32. Qg4+ Kf7 33. Qh5+ Kg7
34. Bxf6+ Nxf6 35. Qg5+ Kf7 36. Bxe6+ Kxe6 37. Re1+ Kf7 38. Red1 Rg8 39. Qf5
Rd8 40. Qe5 Re8 41. Qd6 a5 42. Kf1 Ba8 43. f5 Qb7 44. Qg3 c5 45. Qg6+ Ke7 46.
Re1+ Kf8 47. Qxf6+ Qf7 48. Qh8+ Qg8 49. Rxe8+ Kf7 50. Qxg8+ 1-0

[Event "Tournoi Skype 008"]
[Site "Skype"]
[Date "????.??.??"]
[Round "2.25"]
[White "Picard, Mario"]
[Black "Trivedi, Viral"]
[Result "0-1"]
[WhiteElo "1270"]
[BlackElo "1499"]
[PlyCount "70"]

1. d4 e5 2. Nf3 Qe7 3. dxe5 Nc6 4. e3 Nxe5 5. Nbd2 Nc6 6. Bb5 Nf6 7. O-O Qc5 8.
Bc4 d5 9. Bb3 Bg4 10. h3 Bh5 11. c4 dxc4 12. Bxc4 Ne5 13. b3 Rd8 14. Be2 Nxf3+
15. Bxf3 Bd6 16. Bb2 Qg5 17. Bxf6 Qxf6 18. Bxh5 Qe5 19. g3 g6 20. Bf3 Bb4 21.
Bc6+ bxc6 22. Qf3 Bxd2 23. Qxc6+ Kf8 24. Rad1 Kg7 25. Qc2 Ba5 26. Rd3 Rxd3 27.
Qxd3 c5 28. Qb5 Bc7 29. Qa6 h5 30. Qxa7 h4 31. f4 Qxe3+ 32. Kh1 hxg3 33. Rf3
Rxh3+ 34. Kg2 Rh2+ 35. Kxg3 Qg1# 0-1

[Event "Tournoi Skype 008"]
[Site "Skype"]
[Date "????.??.??"]
[Round "2.26"]
[White "Capdeville, Jean"]
[Black "Martin, Elise"]
[Result "1-0"]
[WhiteElo "1494"]
[BlackElo "1234"]
[PlyCount "99"]

1. e4 c5 2. d4 d6 3. d5 Nf6 4. Nc3 Bg4 5. Be2 Qd7 6. h3 h5 7. Bg5 Qc8 8. Bxf6
exf6 9. Bf3 Bd7 10. Bxh5 f5 11. Bf3 Qd8 12. exf5 Qe7+ 13. Qe2 Qxe2+ 14. Ngxe2
Bxf5 15. Be4 Bd7 16. O-O-O Be7 17. f4 Na6 18. a3 c4 19. Rd4 Rc8 20. f5 Bf6 21.
Rdd1 Bg5+ 22. Kb1 O-O 23. g3 Rfe8 24. g4 Nc5 25. Ng3 Bf4 26. Nh5 Bh6 27. Ng3 a6
28. h4 b5 29. g5 Nxe4 30. Ncxe4 Bxf5 31. gxh6 Bg4 32. Rde1 Re5 33. Nc3 Rf5 34.
Nxf5 Bxf5 35. hxg7 Kxg7 36. h5 Kh6 37. Ref1 Kg5 38. h6 Bh7 39. Rxf7 Rh8 40.
Rg7+ Kf4 41. Kc1 Ke3 42. Rf1 b4 43. axb4 a5 44. bxa5 Ra8 45. Rxh7 Rxa5 46. Kb1
Kd2 47. Rd1+ Ke3 48. Rg7 Ra8 49. h7 Rh8 50. Rh1 1-0

[Event "Tournoi Skype 008"]
[Site "Skype"]
[Date "????.??.??"]
[Round "2.27"]
[White "Coude, Josue"]
[Black "Loyarte, Frederic"]
[Result "0-1"]
[WhiteElo "1242"]
[BlackElo "1487"]
[PlyCount "50"]

1. e4 e5 2. Nf3 Nc6 3. Bb5 a6 4. Ba4 Bc5 5. Nc3 Nf6 6. d3 h6 7. Be3 Bxe3 8.
fxe3 O-O 9. O-O d6 10. Qd2 Bg4 11. h3 Bh5 12. g4 Bg6 13. Nh4 Ne7 14. Nd5 Nfxd5
15. exd5 Nxd5 16. e4 Qxh4 17. Qg2 Ne3 18. Qf2 Qxh3 19. Rae1 Nxf1 20. Qxf1 Qxg4+
21. Kf2 Bh5 22. Bb3 Kh7 23. Ke3 f5 24. exf5 Rxf5 25. Qe2 Qf4# 0-1

[Event "Tournoi Skype 008"]
[Site "Skype"]
[Date "????.??.??"]
[Round "2.29"]
[White "Rival, Jocelyn"]
[Black "Saidi, Bhen"]
[Result "0-1"]
[WhiteElo "1160"]
[BlackElo "1436"]
[PlyCount "20"]

1. e4 e5 2. Nf3 Nc6 3. Bb5 Nf6 4. Qe2 Bc5 5. Nxe5 Nxe5 6. Qc4 Nxc4 7. Bxc4 Nxe4
8. d3 Nxf2 9. Rf1 Qe7+ 10. Be3 Qxe3# 0-1

[Event "Tournoi Skype 008"]
[Site "Skype"]
[Date "????.??.??"]
[Round "2.30"]
[White "Tamditi, Ibrahim"]
[Black "Coruble, Didier"]
[Result "0-1"]
[WhiteElo "1140"]
[BlackElo "1429"]
[PlyCount "46"]

1. e4 c5 2. Bc4 e6 3. Nf3 d5 4. Bd3 c4 5. Be2 dxe4 6. Ng5 Nh6 7. Nxe4 b5 8.
Nbc3 a6 9. O-O Be7 10. Bf3 Bb7 11. d3 Nc6 12. Bd2 Nf5 13. b4 O-O 14. a4 Ncd4
15. dxc4 Nxf3+ 16. Qxf3 Nd4 17. Nf6+ Bxf6 18. Qxb7 Ne2+ 19. Nxe2 Bxa1 20. Rxa1
Qxd2 21. Qe4 Rad8 22. c3 Qd1+ 23. Rxd1 Rxd1# 0-1

[Event "Tournoi Skype 008"]
[Site "Skype"]
[Date "????.??.??"]
[Round "2.31"]
[White "L'Herbon De Lussats, Jean"]
[Black "Blaevoet, Rebecca"]
[Result "1-0"]
[WhiteElo "1428"]
[BlackElo "1138"]
[PlyCount "61"]

1. c4 e5 2. e4 Nf6 3. Nc3 Be7 4. Nf3 O-O 5. Nxe5 Nxe4 6. Nxe4 f5 7. Nc3 f4 8.
Be2 d6 9. Ng4 Bh4 10. Bf3 Qe7+ 11. Ne2 Re8 12. O-O Nc6 13. d4 b6 14. Bxc6 Rb8
15. Bxe8 Qxe8 16. Nxf4 h5 17. Ne3 Ba6 18. b3 g6 19. Qc2 Qf7 20. Nxg6 b5 21.
Nxh4 Rf8 22. Nhf5 h4 23. Nh6+ Kg7 24. Nxf7 Rxf7 25. Nf5+ Kf6 26. Nxh4 c5 27.
Qg6+ Ke7 28. Bg5+ Kd7 29. Qxf7+ Kc6 30. d5+ Kb6 31. Bd8# 1-0

[Event "Tournoi Skype 008"]
[Site "Skype"]
[Date "????.??.??"]
[Round "2.32"]
[White "Gagnon, Sindy"]
[Black "Vincent, Andre"]
[Result "0-1"]
[WhiteElo "1093"]
[BlackElo "1377"]
[PlyCount "56"]

1. e4 c5 2. d3 Nc6 3. Be3 d6 4. Be2 e5 5. Nf3 Nf6 6. O-O Be7 7. Nbd2 Be6 8. Rc1
O-O 9. Bg5 h6 10. Bh4 a6 11. a3 b5 12. b4 cxb4 13. axb4 Nxb4 14. Rb1 Nc6 15. c3
d5 16. c4 bxc4 17. exd5 Nxd5 18. dxc4 Nc3 19. Qc2 Nxb1 20. Nxb1 Bxh4 21. Nxh4
Qxh4 22. g3 Qf6 23. Qa4 Nd4 24. Bd1 Bh3 25. Re1 Nf3+ 26. Kh1 Nxe1 27. c5 Qxf2
28. Qc2 Qf1# 0-1

[Event "Tournoi Skype 008"]
[Site "Skype"]
[Date "????.??.??"]
[Round "2.33"]
[White "Gerbaux, Regis"]
[Black "Rondeau, Annie"]
[Result "1-0"]
[WhiteElo "1351"]
[BlackElo "1044"]
[PlyCount "43"]

1. c4 e5 2. g3 Nf6 3. Bg2 Bc5 4. Nc3 c6 5. d3 d5 6. cxd5 Nxd5 7. Bd2 Bb4 8.
Nxd5 Bxd2+ 9. Qxd2 cxd5 10. Nf3 Nc6 11. O-O O-O 12. Rac1 Bf5 13. d4 Be4 14.
Nxe5 Bxg2 15. Nxc6 bxc6 16. Kxg2 Re8 17. Rxc6 Qd7 18. Rfc1 Rac8 19. Qc3 h6 20.
Rxc8 Rxc8 21. Qxc8+ Qxc8 22. Rxc8+ 1-0

[Event "Tournoi Skype 008"]
[Site "Skype"]
[Date "????.??.??"]
[Round "3.1"]
[White "Ayotte, Jocelyn"]
[Black "Legueltel, Daniel"]
[Result "1/2-1/2"]
[WhiteElo "2110"]
[BlackElo "1725"]
[PlyCount "78"]

1. d4 d5 2. Nf3 c6 3. c4 Nf6 4. Nc3 e6 5. e3 Be7 6. Bd3 O-O 7. O-O dxc4 8. Bxc4
b5 9. Bd3 Bb7 10. Ng5 h6 11. Nge4 Nbd7 12. Qf3 Qb6 13. Qg3 a6 14. Rd1 Rfd8 15.
Nxf6+ Nxf6 16. e4 Kh8 17. Qh3 Ng8 18. Be3 c5 19. d5 exd5 20. exd5 Bxd5 21. Nxd5
Rxd5 22. Be4 Rxd1+ 23. Rxd1 Rd8 24. Rc1 Qf6 25. g4 Qh4 26. Qg2 Nf6 27. Bf3 c4
28. b3 Rc8 29. Bb7 Rb8 30. h3 cxb3 31. axb3 a5 32. Ra1 a4 33. bxa4 bxa4 34.
Rxa4 h5 35. Qf3 hxg4 36. hxg4 Bd6 37. Bf4 Bxf4 38. Rxf4 Qg5 39. Kg2 Qb5 1/2-1/2

[Event "Tournoi Skype 008"]
[Site "Skype"]
[Date "????.??.??"]
[Round "3.2"]
[White "Jacquelin, Norbert"]
[Black "Auger, Bertrand"]
[Result "1/2-1/2"]
[WhiteElo "1716"]
[BlackElo "2027"]
[PlyCount "95"]

1. e4 e6 2. d4 d5 3. Nc3 Bb4 4. e5 Ne7 5. a3 Bxc3+ 6. bxc3 c5 7. Qg4 Qc7 8.
Qxg7 Rg8 9. Qxh7 cxd4 10. Ne2 Nbc6 11. f4 Bd7 12. Qd3 dxc3 13. Nxc3 a6 14. Rb1
Rc8 15. h4 Nf5 16. Rh3 Ncd4 17. Bd2 Nb5 18. Rb3 f6 19. Nxb5 Bxb5 20. Qc3 Bc4
21. Rb2 b5 22. h5 d4 23. Qf3 Bd5 24. Qf2 Qb7 25. exf6 Bxg2 26. Qe2 Kf7 27. h6
Bxh3 28. Qh5+ Kxf6 29. Qxh3 Qe4+ 30. Kd1 Rg3 31. Qh2 Rcg8 32. h7 Rh8 33. Be1
Ne3+ 34. Kc1 Nxf1 35. Qh4+ Kf7 36. Bxg3 Qe3+ 37. Kb1 Qxg3 38. Qh5+ Qg6 39. Qc5
Rxh7 40. Qxd4 Rh1 41. Qa7+ Kf6 42. Qd4+ Ke7 43. Qa7+ Kf6 44. Qd4+ Kf5 45. Qd3+
Kf6 46. Qd4+ Kf5 47. Qd3+ Kf6 48. Qd4+ 1/2-1/2

[Event "Tournoi Skype 008"]
[Site "Skype"]
[Date "????.??.??"]
[Round "3.3"]
[White "Hervais, Adrien"]
[Black "Murgia, Stefano"]
[Result "1-0"]
[WhiteElo "1992"]
[BlackElo "1719"]
[PlyCount "41"]

1. e4 d6 2. d4 f5 3. exf5 Bxf5 4. Qf3 Qc8 5. c3 Nf6 6. h3 g6 7. Bg5 Bg7 8. Bc4
Nbd7 9. Nd2 c6 10. g4 Bc2 11. Be6 Rf8 12. Qe3 Qc7 13. b3 d5 14. Bxd7+ Kxd7 15.
Rc1 Be4 16. Bf4 Nxg4 17. Nxe4 Rxf4 18. Nc5+ Kc8 19. hxg4 Qd6 20. Ne2 e5 21.
Nxf4 1-0

[Event "Tournoi Skype 008"]
[Site "Skype"]
[Date "????.??.??"]
[Round "3.4"]
[White "Rajpurohit, Dinesh"]
[Black "Harnandan, Sergio"]
[Result "0-1"]
[WhiteElo "1699"]
[BlackElo "1982"]
[PlyCount "44"]

1. e4 c5 2. Nf3 Nc6 3. Bc4 e6 4. Nc3 a6 5. a3 b5 6. Ba2 Bb7 7. d4 cxd4 8. Nxd4
Bc5 9. Nxc6 Bxc6 10. O-O Qc7 11. Qf3 Ne7 12. Be3 Bd6 13. h3 O-O 14. Qg4 f5 15.
exf5 Nxf5 16. Ne2 Rf6 17. Ng3 Raf8 18. Rad1 Nxe3 19. fxe3 Bxg3 20. Rxf6 Rxf6
21. Rd2 Bh2+ 22. Kh1 Rf1# 0-1

[Event "Tournoi Skype 008"]
[Site "Skype"]
[Date "????.??.??"]
[Round "3.5"]
[White "Catherine, Bertrand"]
[Black "Sharma, Mayank"]
[Result "1/2-1/2"]
[WhiteElo "1965"]
[BlackElo "1699"]
[PlyCount "111"]

1. d4 Nf6 2. Nf3 e6 3. Bg5 Be7 4. Nbd2 d5 5. e3 Nbd7 6. Bd3 c5 7. c3 a6 8. O-O
b5 9. Qe2 Bb7 10. e4 Nxe4 11. Bxe7 Qxe7 12. Nxe4 dxe4 13. Bxe4 Bxe4 14. Qxe4
O-O 15. Rad1 Rfd8 16. Qe3 cxd4 17. Rxd4 Nc5 18. Rfd1 h6 19. h3 Rxd4 20. Qxd4
Rc8 21. Qd6 Qxd6 22. Rxd6 Kf8 23. Kf1 Ke7 24. Rd1 Na4 25. Rd2 Rc5 26. Ne1 f5
27. Nd3 Rd5 28. Ke2 a5 29. f4 g5 30. g3 Kf6 31. Rc2 Nb6 32. Ne5 Nc4 33. Nxc4
bxc4 34. b4 cxb3 35. axb3 e5 36. fxe5+ Kxe5 37. c4 Rc5 38. Ke3 f4+ 39. gxf4+
gxf4+ 40. Kf3 h5 41. Re2+ Kf5 42. Re4 Rc7 43. Rxf4+ Ke5 44. Re4+ Kf5 45. Rd4
Rc5 46. Rd5+ Rxd5 47. cxd5 Ke5 48. Ke2 Kxd5 49. Kd3 h4 50. Ke3 Kc5 51. Kd3 Kb4
52. Kc2 Kb5 53. Kc3 Kc5 54. Kd3 Kb4 55. Kc2 Kb5 56. Kc3 1/2-1/2

[Event "Tournoi Skype 008"]
[Site "Skype"]
[Date "????.??.??"]
[Round "3.6"]
[White "Peignien, Laurent"]
[Black "Deville, Olivier"]
[Result "0-1"]
[WhiteElo "1667"]
[BlackElo "1899"]
[PlyCount "48"]

1. e4 c5 2. c3 Nf6 3. e5 Nd5 4. d4 cxd4 5. Nf3 Nc6 6. Bc4 e6 7. cxd4 d6 8. O-O
Be7 9. Qe2 O-O 10. Qe4 Nb6 11. Bd3 g6 12. Bh6 Re8 13. Nc3 a6 14. Rfd1 Qc7 15.
Rac1 Nd7 16. a3 dxe5 17. dxe5 Ndxe5 18. Bf4 Nxf3+ 19. Qxf3 e5 20. Nd5 Qd6 21.
Nxe7+ Qxe7 22. Re1 Qf6 23. Rc5 Bd7 24. Qd5 exf4 0-1

[Event "Tournoi Skype 008"]
[Site "Skype"]
[Date "????.??.??"]
[Round "3.7"]
[White "Lambert, Pierre"]
[Black "Nicole, Chantal"]
[Result "1-0"]
[WhiteElo "1822"]
[BlackElo "1626"]
[PlyCount "89"]

1. d4 d5 2. c4 e5 3. cxd5 Qxd5 4. Nf3 e4 5. Nfd2 Qxd4 6. e3 Qd8 7. Qa4+ Nc6 8.
Qxe4+ Be7 9. Bb5 Bd7 10. O-O Nf6 11. Qc2 O-O 12. a3 a6 13. Bd3 Ne5 14. Nc3 Nxd3
15. Qxd3 Bb5 16. Qxd8 Rfxd8 17. Nxb5 axb5 18. Nf3 b4 19. a4 b5 20. a5 Ra6 21.
Nd4 c6 22. Re1 Bc5 23. Nb3 Bb6 24. axb6 Rxa1 25. Nxa1 Rb8 26. Rd1 Kf8 27. Nb3
Rxb6 28. Bd2 Nd5 29. e4 Nf6 30. Bxb4+ Ke8 31. Nc5 Rb8 32. Na6 Rc8 33. f3 Nd7
34. Nc5 Rd8 35. Nxd7 Rxd7 36. Rxd7 Kxd7 37. Kf2 Ke6 38. Ke3 g6 39. Kd4 f6 40.
f4 h6 41. g4 h5 42. gxh5 gxh5 43. f5+ Kd7 44. Kc5 Kc7 45. Bc3 1-0

[Event "Tournoi Skype 008"]
[Site "Skype"]
[Date "????.??.??"]
[Round "3.8"]
[White "Duthoit, Bernard"]
[Black "Plourde, Alain"]
[Result "0-1"]
[WhiteElo "1619"]
[BlackElo "1789"]
[PlyCount "92"]

1. e4 c6 2. d4 d5 3. e5 Bf5 4. Nf3 e6 5. Bd3 Bxd3 6. Qxd3 Ne7 7. O-O Ng6 8. Bg5
Be7 9. Bxe7 Qxe7 10. Nbd2 O-O 11. c4 Na6 12. a3 Nc7 13. b4 a6 14. Rfc1 Rac8 15.
cxd5 Nxd5 16. Ne4 f6 17. Nd6 Rcd8 18. Re1 fxe5 19. dxe5 Nxe5 20. Rxe5 Rxd6 21.
Ng5 g6 22. Rae1 Nc7 23. Qh3 h5 24. g4 Rd5 25. Rxd5 cxd5 26. Qe3 hxg4 27. Nxe6
Nxe6 28. Qxe6+ Qxe6 29. Rxe6 Kg7 30. Rd6 Rf5 31. Rd7+ Kf6 32. Rxb7 Ke5 33. Rb6
Ke4 34. Rxa6 d4 35. Re6+ Kd5 36. Re1 d3 37. b5 Kc4 38. b6 d2 39. Rd1 Rd5 40.
Kg2 Kc3 41. Rb1 d1=Q 42. Rxd1 Rxd1 43. a4 Rb1 44. a5 Kc4 45. a6 Rxb6 46. a7 Ra6
0-1